000 00212 a2200097 4500
001 17050
100 _aStevenson R L
245 _aDr Jekyll and Mr. Hyde
260 _aLondon
_bMacdonald
_c
090 _c12716
_d12716
942 _aNUST-CAE
_cM
_c3021
999 _c252123
_d252123